000 00804nam a22002777a 4500
003 CHAP
005 20220329135844.0
008 971013s1977 r 00010 d
010 _a43355
011 _a44327
035 _a48465
040 _cCHAP
082 _a511.7
_bF7Y
100 0 0 _aFroberg, Carl-Erik.
_943505
245 _aIntroducción al análisis numérico
260 _aBarcelona :
_bVicens,
_c1977
300 _a504 p.
590 _aBATCH-UPD
_b10
_c20130110
_lUCH01
_h1844
590 _aBATCH-UPD
_b10
_c20130410
_lUCH01
_h1214
590 _aBATCH-UPD
_b10
_c20130914
_lUCH01
_h0349
590 _aCONVERSION
_b10
_c20130109
_lUCH01
_h1324
650 1 4 _aAnálisis numérico.
_95991
901 _aBK
942 _cLIBRO
949 _a511.7 F7Y
_bBC
_cLIBRO
_d33724000413399
_eLIBRO
_h55348
_i48465
_si
999 _c43355
_d43355